| 000 | 00357nam a2200121 a 4500 | ||
|---|---|---|---|
| 005 | 20141022142006.0 | ||
| 008 | 080929s19uu xx 00 eng d | ||
| 050 |
_aCD _bE1 2006 |
||
| 245 | _aThe 5 lessons a millionaire taught me about life a wealth. | ||
| 650 | _aCD. | ||
| 650 | _aThe 5 lessons a millionaire taught me about life a wealth. | ||
| 942 | _cAVM | ||
| 999 |
_c276518 _d276518 |
||